| 000 | 00892nab a2200265 u 4500 | ||
|---|---|---|---|
| 001 | 02971 | ||
| 003 | HDC | ||
| 007 | cr bn --- | ||
| 008 | 201225p2000 xx n |0 eng | ||
| 040 | _aHDC | ||
| 100 |
_aM.M Nazri, _eauthor _91567 |
||
| 245 | 0 |
_aProspects of Manufacturing Halal Sausages in Cans / _cby M.M Nazri |
|
| 260 |
_a[No Place] : _b[publisher not identified], _c2000 |
||
| 300 | _a1 online resource (1 pages) | ||
| 336 |
_atext _2rdacontent |
||
| 337 |
_acomputer _2rdamedia |
||
| 338 |
_aonline resource _2rdacarrier |
||
| 650 |
_aCanned foods _91568 |
||
| 650 |
_aFood _xReligious aspects _xIslam _9239 |
||
| 650 |
_aHalal food _950 |
||
| 856 | _zRequest full-text at [email protected] | ||
| 942 | _2lcc | ||
| 942 | _cAR | ||
| 942 | _kJART 001626 | ||
| 999 |
_c357 _d357 |
||